Frantz Fanon (1924-1961) y el pensamiento anticolonialista. (Record no. 38989)
[ view plain ]
| 000 -CABECERA | |
|---|---|
| campo de control de longitud fija | 00366nam a2200109 a 4500 |
| 005 - FECHA Y HORA DE LA ÚLTIMA TRANSACCIÓN | |
| campo de control | 20201002031700.0 |
| 008 - DATOS DE LONGITUD FIJA--INFORMACIÓN GENERAL | |
| campo de control de longitud fija | 130704s1966 000 spa d |
| 040 ## - FUENTE DE LA CATALOGACIÓN | |
| Centro catalogador/agencia de origen | DO-SdBNP |
| 100 ## - ENTRADA PRINCIPAL--NOMBRE DE PERSONA | |
| Nombre de persona | Maldonado Denis, Manuel |
| 9 (RLIN) | 8036 |
| 245 #0 - MENCIÓN DE TÍTULO | |
| Título | Frantz Fanon (1924-1961) y el pensamiento anticolonialista. |
| 260 ## - PUBLICACIÓN, DISTRIBUCIÓN, ETC. | |
| Lugar de publicación, distribución, etc. | Santo Domingo -- univers. autonoma de sto. dgo., |
| Fecha de publicación, distribución, etc. | 1966 -- 20 pag. |
No items available.
